Statistiques concernant Culture Générale - Série 1277

Cliquez ici pour prendre le quiz!

Statistiques générales

  • Ce quiz a été pris 44 fois
  • Le résultat moyen est 4 sur 10

Statistiques - réponses

QuestionRéponse% Correct
Selon l'expression, on dit d'une personne joyeuse qu'elle est gaie comme un...pinson
90%
Dans quel département breton est située Belle-Île ?Morbihan
76%
Quel adjectif qualifie un sol contenant spécifiquement de l'or ?aurifère
63%
Quel type de boîtes collectionne un "philuméniste" ?boîtes d'allumettes
44%
De quelle île grecque, où fut édifiée au IIIe siècle une des sept merveilles du monde, le mot "phare" tient-il son nom ?Pharos
39%
À quel archipel de l'océan Indien appartiennent les îles autrefois appelées Anjouan et Mohéli ?Comores
32%
Quel mot dérivé du terme "raide", désigne un sentier très pentu ?raidillon
29%
Quelle est la première lettre de l'alphabet hébraïque ?Aleph
12%
Quel ténor italien a joué dans les films “La Traviata” de Zeffirelli et “Carmen” de Rosi ?Placido Domingo
7%
Quel était le véritable nom de famille de Charlie Chaplin ?Spencer
2%

Distribution des résultats

Percentile par nombre de réponses

% des personnes avec chaque résultat

Votre développement - résultats

Vous n’avez pas pris ce quiz